| 000 | 00427cam a22001337a 4500 | ||
|---|---|---|---|
| 008 | 180718b1983 xxu||||| |||| 00| 0 eng d | ||
| 082 | _aG1x5453 P644 | ||
| 100 | _aPallai, G. Narayana | ||
| 245 |
_aSocial background of political leadership in India _cby G. Narayana Pillai |
||
| 260 |
_aNew Delhi _bUppal _c1983 |
||
| 300 | _a188p. | ||
| 650 | _aKerala (India) --Politics and government | ||
| 650 | _aPoliticians --India --Kerala | ||
| 999 |
_c351145 _d351145 |
||